00488 2200169 4500001002100000005001500021035002000036007000300056008004100059020002200100100002100122245006600143250001100209260002900220300004600249650002300295INLIS00000000000063320221128110401 a0010-1122000227ta221128 a 1 ind  a978-602-268-090-10 aImtihani Salimah1 aKisah Umar: ayo Puasa :bAgar Lebih Taqwa /cImtihani Salimah aCet. I aJakarta :bLuxima,c2015 a42 halaman :bilustrasi berwarna ;c20 cm 4aBacaan Anak Muslim